Orientações jurídicas sobre a infraestrutura de transportes : (Record no. 296)

MARC details
000 -LÍDER
Campo Fixo de Controle 00903cam a2200253 a 4500
001 - NÚMERO DE CONTROLE
Campo de Controle 296
003 - IDENTIFICAÇÃO DO NÚMERO DE CONTROLE
Campo de Controle BR-CuiBMT
005 - DATA E HORA DA ÚLTIMA ATUALIZAÇÃO
Campo de Controle 20231116232901.0
008 - DADOS FIXOS
Dados Fixos 230927s2013 mgb 000 0 por d
020 ## - INTERNATIONAL STANDARD BOOK NUMBER
Nº do ISBN 9788577007943
040 ## - AGÊNCIA CATALOGADORA
Código da Agência Catalogadora BR-CuiBMT
Agência que transcreveu o registro BR-CuiBMT
080 ## - Nº DA CLASSIFICAÇÃO DECIMAL UNIVERSAL
Nº Class. CDU 342.92
Nº edição CDU 2007
090 ## - NÚMERO DE CHAMADA
Nº classificação 342.92
Cutter D812o
100 1# - ENTRADA PRINCIPAL -- AUTOR PESSOAL
Nome pessoal Duarte, Fabio Marcelo de Rezende,
Datas associadas ao nome 1958-
245 10 - TÍTULO PRINCIPAL
Título principal Orientações jurídicas sobre a infraestrutura de transportes :
Subtítulo uma gestão de desafios /
Indicação de responsabilidade Fabio Marcelo de Rezende Duarte ; Egon Bockmann Moreira, prefácio.
260 ## - PUBLICAÇÃO, DISTRIBUIÇÃO, ETC.
Local de publicação Belo Horizonte :
Editora Fórum,
Data 2013.
300 ## - DESCRIÇÃO FÍSICA
N. páginas ou volumes 459 p. ;
Dimensões 22 cm
504 ## - NOTA DE BIBLIOGRAFIA, ETC.
Nota de bibliografia Inclui bibliografia.
650 ## - ASSUNTO TÓPICO
Cabeçalho tópico ou nome geográfico Direito administrativo
Subdivisão geral Infraestrutura de transportes
Subdivisão geográfica Brasil
650 ## - ASSUNTO TÓPICO
Cabeçalho tópico ou nome geográfico Licitações
Subdivisão geral Contratações públicas
650 ## - ASSUNTO TÓPICO
Cabeçalho tópico ou nome geográfico Convênios
Subdivisão geral Contratações públicas
650 ## - ASSUNTO TÓPICO
Cabeçalho tópico ou nome geográfico Contratos públicos
Subdivisão geográfica Brasil
942 ## - ELEMENTOS DE ENTRADA ADICIONAIS (KOHA)
Fonte de classificação ou esquema de arquivamento Classificação Decimal Universal
Tipo de item do Koha Livros
Holdings
Estado: removido Estado: perdido Fonte de classificação ou esquema de arquivamento Estado: danificado Indisponível para empréstimo Localização permanente Localização atual Data de aquisição Total Checkouts Número de Chamada completo Código de barras Date last seen Número do exemplar Preço efetivo a partir de Tipo de item (Koha)
    Classificação Decimal Universal     Biblioteca da Escola Superior de Contas do TCE/MT Biblioteca da Escola Superior de Contas do TCE/MT 28/06/2023   342.92 D812o BIBTCEMT23090088 27/09/2023 Ex. 1 27/09/2023 Livros

Powered by Koha